| 000 | 00469nam a2200181Ia 4500 | ||
|---|---|---|---|
| 003 | GCL | ||
| 008 | 140319s9999 xx 000 0 eng d | ||
| 040 |
_aGCL / _cGCL |
||
| 082 | 0 | 4 |
_a953.53 _bP O |
| 100 | 1 | _aPHILLIPS, WENDELL | |
| 245 | 1 | 0 |
_aOMAN, A HISTORY / _cPHILLIPS, WENDELL |
| 260 |
_a[S.N] : _bLIBRAIRIE DU LIBAN ، _c1971 |
||
| 300 | _a246 P | ||
| 650 | 0 | 4 | _aARAB COUNTRIES - HISTORY |
| 650 | 0 | 4 | _aOMAN - HISTORY |
| 650 | 0 | 4 | _aARABIC GULF |
| 942 |
_2ddc _cBK |
||
| 999 |
_c19594 _d19594 |
||